00890nam a22002297a 450000500170000000800410001702000180005804100080007604400070008408200160009110000420010724501710014926000350032030000490035550400490040465000330045365000640048665000340055065000440058494200170062899900150064520140421111227.0140421s2010 ck ado gr|||| 00| 0 spa d a9789589936337 aspa ack a580.7bG56f1 aGómez Restrepo, Martha Ligia92193010aFenología reproductiva de especies forestales nativas presentes en la jurisdicción de Corantioquiabun paso hacia su conservacióncMartha Ligia Gómez Restrepo3 aMedellínbCroantioquiac2010 a224 p.bil., fot., tablas, gráficasc28 cm aIncluye bibliografía (páginas 219 - 224) 4aFenologíazColombia923697 4aInvestigación forestalxEspecies nativaszColombia923698 4aFlora nativazColombia923699 4aMemorial InstitucionalzColombia923700 2ddccImpreso c8389d8389